The way to fair rents (Record no. 62196)

MARC details
000 -LEADER
fixed length control field 00726cam a2200241 4500
001 - CONTROL NUMBER
control field ABS61701
008 - FIXED-LENGTH DATA ELEMENTS--GENERAL INFORMATION
fixed length control field 000000n1999 000 0 eng u
035 ## - SYSTEM CONTROL NUMBER
System control number (Sirsi) u103530
100 ## - MAIN ENTRY--PERSONAL NAME
Personal name Brownie, S.
245 #4 - TITLE STATEMENT
Title The way to fair rents
260 ## - PUBLICATION, DISTRIBUTION, ETC.
Date of publication, distribution, etc. 1999
490 ## - SERIES STATEMENT
Series statement Housing Today
Volume/sequential designation (163) 9 December 1999, 16-17(2)
520 ## - SUMMARY, ETC.
Summary, etc. Looks at ways government can provide fair and consistent rents for social housing. Outlines the capital values and earnings approaches to doing this.
590 ## - LOCAL NOTE (RLIN)
Local note ABS
650 ## - SUBJECT ADDED ENTRY--TOPICAL TERM
Topical term or geographic name entry element CAPITAL VALUES
650 ## - SUBJECT ADDED ENTRY--TOPICAL TERM
Topical term or geographic name entry element EARNINGS
650 ## - SUBJECT ADDED ENTRY--TOPICAL TERM
Topical term or geographic name entry element RENTAL VALUES
650 ## - SUBJECT ADDED ENTRY--TOPICAL TERM
Topical term or geographic name entry element RENT REFORM
690 ## - LOCAL SUBJECT ADDED ENTRY--TOPICAL TERM (OCLC, RLIN)
Topical term or geographic name as entry element Affordable housing
9 (RLIN) 6215
700 ## - ADDED ENTRY--PERSONAL NAME
Personal name Lautman, P.
700 ## - ADDED ENTRY--PERSONAL NAME
Personal name Lister, S.
942 ## - ADDED ENTRY ELEMENTS (KOHA)
Suppress in OPAC 0
Holdings
Withdrawn status Lost status Source of classification or shelving scheme Damaged status Not for loan Home library Current library Shelving location Date acquired Total Checkouts Full call number Barcode Date last seen Copy number Price effective from Koha item type
    Dewey Decimal Classification     London London Journal article 11/01/2000   ABS61701 103530-1001 06/08/2019 1 06/08/2019 Journal article